| 000 | 00667nam a2200265 4500 | ||
|---|---|---|---|
| 999 |
_c9986 _d9986 |
||
| 001 | 9986 | ||
| 003 | BD-JhCC | ||
| 005 | 20180404095717.0 | ||
| 008 | 180404s1972 enka 001 0 eng | ||
| 020 | _a0333137132 | ||
| 035 | _a(BD-JhCC)9986 | ||
| 040 |
_aDLC _cDLC _dDLC _dBD-JhCC |
||
| 041 | _aeng | ||
| 050 | 0 | 0 |
_aTL145 _b.B25 1972 |
| 082 | 0 | 0 |
_a629.22/22 _bBAC 1972 |
| 100 | 1 | _aBacon, Roy Hunt. | |
| 245 | 1 | 4 |
_aThe car--engine and structure / _c[by] Roy H. Bacon. |
| 250 | _a2nd ed. | ||
| 260 |
_aLondon : _bMacmillan, _c1972. |
||
| 300 |
_ax, 322 p. _billus. _c23 cm. |
||
| 350 | _a£2.50 | ||
| 650 | 0 | _aAutomobiles. | |
| 942 |
_2ddc _cREF |
||